LEADER 01522nam a2200313 i 4500 001 000000155846 003 CaOOAMICUS 005 20250521080845.0 008 061128s2003 it u000 u ita u 020 $a88-16-30396-4 040 $aSeMil$bita 100 1 $aBalthasar, Hans Urs : von,$c.$0(OLS)http://semarc/name/881 240 14$aDie großen Ordensregeln.$0(OLS)http://semarc/title/228333 245 13$aLa vocazione cristiana :$bun percorso attraverso la regola di san Basilio /$cHans Urs von Balthasar ; a cura di Elio Guerriero. 260 $aMilano :$bJaca Book,$c2003. 300 $a127 p. ;$c23 cm. 490 0 $aGià e non ancora [Jaca Book] ;$v396 650 4$aMonachesimo - Regole.$0(OLS)http://semarc/subject/1386 650 4$aVocazione religiosa.$0(OLS)http://semarc/subject/47 650 4$aBasilio : di Cesarea . Regula ad monachos.$0(OLS)http://semarc/subject/29866 700 1 $aGuerriero, Elio,$d<1948- >.$0(OLS)http://semarc/name/487 830 0$aGià e non ancora ;$v396.$0(OLS)http://semarc/title/5902 850 $aSeMil 852 $aSeMil$W1$xVenegono$y1$m2LL IV 32$j257268$B107673$CSeMilBibl$Z2$F117540 $81 961 $aAcquisto: Jaca Book 996 $6020$a88-16-30396-4$9(OLS)http://semarc/number/145937 996 $6245$aLa vocazione cristiana :$bun percorso attraverso la regola di san Basilio$9(OLS)http://semarc/title/228332 996 $6260$aMilano :$bJaca Book$9(OLS)http://semarc/publisher/29781 LEADER 01227nam a2200253 4500 001 000000352764 003 CaOOAMICUS 005 20230329150036.0 008 230123s2022 it 000 u ita r 040 $aSeMil$bita 100 1 $aGiannantoni, Franco,$d<1938- >.$0(OLS)http://semarc/name/78483 245 10$a1: La Resistenza del basso clero :$bl'aiuto agli ebrei, ai militari fuggiaschi e ai partigiani ... /$cFranco Giannantoni. 264 1$a[S.l.] :$bEdizioni amici della Resistenza,$c2022. 300 $a349 p. ;$c17 cm 500 $aIn custodia 541 0 $aOmaggio mons. Mario Delpini (3V I 121) 773 0 $aGiannantoni, Franco <1938- >$tTonaca e il fucile.$d[S.l.] : Edizioni amici della Resistenza, 2022.$kStudi e ricerche di storia contemporanea$g1$w()352763 850 $aSeMil 852 $aSeMil$W1$xVenegono$y1$m3V I 121$j239058$B243977$CSeMilBibl$Z2$F243977 $81 941 1 $a7 961 $aOmaggio mons. Mario Delpini 996 $6245$a1: La Resistenza del basso clero :$bl'aiuto agli ebrei, ai militari fuggiaschi e ai partigiani ...$9(OLS)http://semarc/title/442679 996 $6264$a[S.l.] :$bEdizioni amici della Resistenza$9(OLS)http://semarc/publisher/60821